000 00569nam a2200193 i 4500
001 128159
003 ES-MaACL
005 20230906193159.0
007 t|
008 070622s1966 sp ||||1| spa d
080 _a016.61(46)
100 1 _aGranjel, Luis S.
_959645
245 1 0 _aBibliografía histórica de la medicina española /
_cLuis S. Granjel.
260 _aSalamanca :
_bUniversidad,
_c1966.
300 _a1 v. ;
_c25 cm.
505 8 _aContiene: Vol. 2º
650 1 4 _aMedicina-
_zEspaña-
_vBibliografías.
_914902
852 _aES-MaACL
_jP-1154
_bR.62524
999 _c128159
_d128159